Регионална библиотека "Любен Каравелов" - Русе

Кой уби Паломино Молеро? (Запис номер 129458)

MARC детайли
000 -Лидер
Контролно поле с фиксирана дължина 01428nam a2200361 c 4500
003 - Код на организацията, давaща контролен номер
Контролно поле BLK
005 - Дата и час на последна редакция
Контролно поле 20250429133804.0
008 - Елементи от данни с фиксирана дължина
fixed length control field 180409b bul|||||r ||||||| ||bul||
010 ## - Наследен системен номер
LC control number KNG00135195000
020 ## - Международен стандартен номер на книга ISBN
Международен стандартен номер на книга ISBN 978-954-529-454-9
-- издат.: Колибри
040 ## - Източник на каталожния запис
Идентификатор на билиотеката - собственик на записа BLK
041 ## - Код за език
Код за езика на текст/звукозапис или на отделно заглавие Български
Код за езика КДБФ Български
072 #7 - Код за тематичната категория
Код организация bullib
Код за тематична категория Н83
Текст Чужда художествена литература Н
080 ## - УДК
Текстов определител УДК Перуанска литература
УДК код - определител по УДК 821.134.2(85)
УДК определител -312.4
УДК - код + определител 821.134.2(85)-312.4
100 1# - Редна дума - Автор
Автор Варгас Льоса, Марио
Авторска отговорност първи автор
R(LIN) 281807
139 ## - Редно поле
Редна дума Варгас Льоса, Марио
Авторски знак Вар - В 22
245 10 - Сведения за заглавието
Заглавие Кой уби Паломино Молеро?
Подзаглавни данни Роман
Редно поле (дума) Марио Варгас Льоса; прев. от исп. Емилия Юлзари.
257 ## - Страна на издаване
Страна на създаване/издаване Перу
260 ## - Област на издателските данни
-- София
Име на издателя, разпространителя и проч. Колибри
Година на издаване 2012
Печатница София : Симолини
300 ## - Физическа характеристика
Страници 143 с.
Размери/Мащаб 20 см
380 ## - Жанр
Жанр Худож. лит.
500 ## - Общи забележки
Забележка Ориг. загл. ?Quien mato a Palomino Molero? / Mario Vargas LLosa.
653 ## - Ключова дума – ненормативна
Ключова дума крими
653 ## - Ключова дума – ненормативна
Ключова дума романи
659 ## - Тематичен бюлетин
Тематичен бюлетин Н
700 1# - Други автори (авторска отговорност)
Лично име Юлзари, Емилия
Автороска отговорност (Описва отношението между автора и произведението) прев. от исп.
9 (RLIN) 368326
852 ## - Местоположение
Форматна сигнатура Цб 256777
856 4# - Електронен адрес и достъп
Електронен формат pdf - файл
Път до файла /url/
856 4# - Електронен адрес и достъп
Електронен формат pdf - файл
Път до файла /url/
942 ## - АРТИКУЛИ
Вид на библиотечния материал Книги
Скрит в OPAC Не
Koha issues (borrowed), all copies 12
944 ## - СЪЗДАВАНЕ И РЕДАКЦИЯ на ЗАПИСА
Създаване/Редакция Създаване
Дата на регистрацията/редакция 18.10.2012
Статус, дата на статуса Русанова Ирена
Служител, извършил регистрацията/редакцията 30542
944 ## - СЪЗДАВАНЕ И РЕДАКЦИЯ на ЗАПИСА
Създаване/Редакция Редакция
Дата на регистрацията/редакция 30.10.2017
Статус, дата на статуса ф /
Служител, извършил регистрацията/редакцията Виолета_Тройчева
999 ## - СИСТЕМНИ КОНТРОЛНИ НОМЕРА
Koha biblionumber 129458
Koha biblioitemnumber 129458
Наличности
Код за отписване Код за изгубен артикул Код за повреда Коз за рестрикции Код за отдаване Артикулен № Име на библиотеката - собственик Име на библиотеката, в която се намира в момента Статус (Текущо местоположение) Дата на вписване в системата Местоположение - отдел Цена в лева Инвентарен номер Систематично азбучна сигнатура Баркод Номер на екземпляра Цена в евро Служебна бележка Служебен тип на артикула
  Не е изгубен Не е повреден без рестрикции заемане за дома 210321 Регионална библиотека "Любен Каравелов" Русе Регионална библиотека "Любен Каравелов" Русе Заемна - подръчен фонд 2012-10-18 Заемна - подръчен фонд 13.00 120000760443 П 860(7/8)/В 22 120000760443 1 6.65 Дост: Pk Вид: Ф N: 311 Дата: 11.10.2012 Дата инв: 09.02.2018 Бележки инв: П2018 Книги
  Не е изгубен Не е повреден без рестрикции заемане за дома 210322 Регионална библиотека "Любен Каравелов" Русе Регионална библиотека "Любен Каравелов" Русе Заемна - подръчен фонд 2012-10-18 Заемна - подръчен фонд 13.00 120000760444 П 860(7/8)/В 22 120000760444 2 6.65 Дост: Pk Вид: Ф N: 311 Дата: 11.10.2012 Дата инв: 09.02.2018 Бележки инв: П2018 Книги
  Не е изгубен Не е повреден без рестрикции ползва се в читалня 210323 Регионална библиотека "Любен Каравелов" Русе Регионална библиотека "Любен Каравелов" Русе Хранилище 2014-10-03 Хранилище 13.00 120000781275 Цб 256777 120000781275 3 6.65 Дост: Dp Вид: Д N: 3 Дата: 24.01.2014 Книги
Vip Innovations Ltd, Rousse, Bulgaria 2025